All TF2 Spy Weapons - Statistics

General Stats
  • This quiz has been taken 13 times
  • The average score is 15 of 24
Answer Stats
Weapon Slot Weapon % Correct
Building Sapper
90%
Secondary Ambassador
80%
PDA 2 Cloak and Dagger
80%
PDA 2 Dead Ringer
80%
Melee Knife
80%
Secondary Revolver
80%
Melee Your Eternal Reward
80%
Melee Big Earner
70%
Secondary Diamondback
70%
PDA 1 Disguise Kit
70%
PDA 2 Invis Watch
70%
Secondary L'Etranger
70%
Building Red-Tape Recorder
70%
Melee Conniver's Kunai
60%
Secondary Enforcer
60%
Building Ap-Sap
50%
Secondary Big Kill
50%
Melee Black Rose
50%
Building Snack Attack
50%
Melee Spy-Cicle
50%
PDA 2 Enthusiast's Timepiece
40%
Melee Sharp Dresser
40%
Melee Wanga Prick
40%
PDA 2 Quäckenbirdt
30%
No matching quizzes found
Score Distribution
Percent of People with Each Score
Percentile by Number Answered
Your Score History
You have not taken this quiz